Billy Joel Lyrics Quiz (Part 87) - Statistics

General Stats
  • This quiz has been taken 25 times
  • The average score is 179 of 248
Answer Stats
Answer % Correct
I
100%
the
100%
you
100%
You
100%
a
95%
do
95%
When
95%
and
90%
can
90%
hear
90%
Is
90%
it
90%
to
90%
want
90%
be
85%
Be
85%
for
85%
in
85%
too
85%
all
80%
just
80%
love
80%
me
80%
my
80%
your
80%
but
75%
But
75%
if
75%
it’s
75%
It’s
75%
need
75%
I’m
70%
know
70%
middle
70%
night
70%
not
70%
of
70%
that
70%
them
70%
thing
70%
didn’t
65%
does
65%
don’t
65%
Don’t
65%
get
65%
here
65%
make
65%
only
65%
Only
65%
real
65%
say
65%
sometimes
65%
there’s
65%
was
65%
Why
65%
always
60%
am
60%
had
60%
call
55%
fantasy
55%
got
55%
hard
55%
hold
55%
times
55%
told
55%
up
55%
with
55%
would
55%
you’ve
55%
imagination
50%
lonely
50%
long
50%
number
50%
take
50%
tell
50%
Though
50%
baby,
45%
dial
45%
give
45%
gonna
45%
really
45%
seem
45%
afraid
40%
Anytime
40%
best
40%
better
40%
deal
40%
move
40%
secrets
40%
Sure
40%
sure
40%
try
40%
words
40%
action
35%
assistance
35%
distance
35%
hit
35%
many
35%
next
35%
outside
35%
satisfaction
35%
wanted
35%
believe
30%
emotions
30%
stimulation
30%
control
25%
awful
20%
No matching quizzes found
Score Distribution
Percent of People with Each Score
Percentile by Number Answered
Your Score History
You have not taken this quiz